LEADER 01365nam 2200373 n 450 001 996385471103316 005 20221108090950.0 035 $a(CKB)1000000000605112 035 $a(EEBO)2240884006 035 $a(UnM)99860663 035 $a(EXLCZ)991000000000605112 100 $a19860124d1642 uy | 101 0 $aeng 135 $aurbn||||a|bb| 200 00$aVox populi: or The peoples humble discovery, of their own loyaltie, and His Maiesties ungrounded iealousie$b[electronic resource] 210 $aLondon, $c[s.n.]$dPrinted, Anno 1642 215 $a[2], 5, [1] p 300 $aSometimes attributed to William Prynne. 300 $aAnnotation on Thomason copy: "Aug. 17.". 300 $aReproduction of the original in the British Library. 330 $aeebo-0018 606 $aAllegiance$vEarly works to 1800 607 $aGreat Britain$xHistory$yCivil War, 1642-1649$vEarly works to 1800 607 $aGreat Britain$xPolitics and government$y1642-1649$vEarly works to 1800 615 0$aAllegiance 701 $aPrynne$b William$f1600-1669,$0198500 801 0$bCu-RivES 801 1$bCu-RivES 801 2$bCStRLIN 801 2$bWaOLN 906 $aBOOK 912 $a996385471103316 996 $aVox populi: or The peoples humble discovery, of their own loyaltie, and His Maiesties ungrounded iealousie$92373698 997 $aUNISA